Countries With Highest Forest Share - Statistics

General Stats
  • This quiz has been taken 19 times
  • The average score is 10 of 25
Answer Stats
Share Country % Correct
73.7% Finland
68%
68.7% Sweden
68%
62.4% Fiji
63%
68.4% Japan
58%
79.2% Papua New Guinea
58%
64.4% South Korea
58%
87.3% Equatorial Guinea
42%
91.3% Gabon
42%
93.6% Guyana
42%
71.9% Laos
42%
90.0% Palau
42%
97.4% Suriname
42%
71.4% Bhutan
37%
70.4% Guinea-Bissau
32%
92.0% Micronesia
32%
73.3% Seychelles
32%
90.1% Solomon Islands
32%
72.1% Brunei
26%
63.8% Dominica
26%
79.1% Liberia
26%
61.5% Montenegro
26%
61.5% Slovenia
26%
61.9% Timor Leste
26%
73.2% Saint Vincent a. t. G.
16%
64.3% Republic of Congo
0%
No matching quizzes found
Score Distribution
Percent of People with Each Score
Percentile by Number Answered
Your Score History
You have not taken this quiz